banner-ar

بعض ملامح التغير الاجتماعى الثقافى فى الوطن العربى / (Record no. 38979)

MARC details
000 -الفاتح
حقل البيانات ثابتة الطول 00809nam a2200205Ia 4500
005 - وقت وتاريخ اخر تعامل مع التسجيلة
رقم الضبط 20240530103401.0
008 - عناصر البيانات ثابتة الطول - معلومات عامة
حقل البيانات ثابتة الطول 140319s9999 xx 000 0 ara d
040 ## - مصدر الفهرسة
وكالة الفهرسة الأصلية GCL /
وكالة النسخ GCL
082 04 - رقم تصنيف ديوى العشرى
رقم التصنيف 301.2531
رقم المادة ع ب
100 1# - المدخل الرئيسى - إسم شخصى
الإسم الشخصى علياء على شكرى
245 10 - بيان العنوان
العنوان بعض ملامح التغير الاجتماعى الثقافى فى الوطن العربى /
بيان المسئوليه,etc علياء على شكرى
300 ## - الوصف المادى
التعداد 470 ص
490 ## - بيان السلسلة
عنوان السلسلة علم الاجتماع المعاصر
رقم المجلد/ التعيين التسلسلي 0
500 ## - تبصرة عامة
تبصرة عامة دراسة ميدانية اثقافة بعض المجتمعات المحلية فى المملكة العربية السعودية
650 04 - المدخل الاضافى بالموضوع-مصطلح موضوعى
مصطلح موضوعي الاجتماع، علم
650 04 - المدخل الاضافى بالموضوع-مصطلح موضوعى
مصطلح موضوعي السعودية - الثقافة
650 04 - المدخل الاضافى بالموضوع-مصطلح موضوعى
مصطلح موضوعي السعودية - الاحوال الثقافية
942 ## - عناصر المدخل الإضافي( كوها)
مصدر التصنيف او مخطط الترفيف Dewey Decimal Classification
Koha [default] item type كتاب
Holdings
حالة التراجع حالة الفقد حالة تلف ليس للاعارة المكان المؤقت الموقع الحالى تاريخ الاكتساب اجمالي اﻻعارات رقم الطلب الباركود تاريخ اخر مشاهدة تاريخ تفعيل السعر نوع وعاء كوها
        مكتبة القاهرة الكبرى مكتبة القاهرة الكبرى 03/26/2014   301.2531\ع ب 95168 03/26/2014 03/26/2014 كتاب
        مكتبة القاهرة الكبرى مكتبة القاهرة الكبرى 03/26/2014   301.2531\ع ب 95169 03/26/2014 03/26/2014 كتاب
        مكتبة القاهرة الكبرى مكتبة القاهرة الكبرى 03/26/2014   301.2531\ع ب 95170 03/26/2014 03/26/2014 كتاب
        مكتبة القاهرة الكبرى مكتبة القاهرة الكبرى 03/26/2014   301.2531\ع ب 95171 03/26/2014 03/26/2014 كتاب

Powered By

EGPV